मानव शरीर कार्यिकी / (Record no. 47662)

MARC details
000 -LEADER
fixed length control field 00996nam a22002417a 4500
005 - DATE AND TIME OF LATEST TRANSACTION
control field 20100924103433.0
008 - FIXED-LENGTH DATA ELEMENTS--GENERAL INFORMATION
fixed length control field 100924t xxu||||| |||| 00| 0 hin d
010 ## - LCCN (DPL NO)
LC control number HIN-90599
020 ## - INTERNATIONAL STANDARD BOOK NUMBER
Terms of availability 160.00
International Standard Book Number 9788190530231
035 ## - SYSTEM CONTROL NUMBER
System control number HN-62945
037 ## - SOURCE OF ACQUISITION
Source of stock number/acquisition DBAD / PUB
040 ## - CATALOGING SOURCE
Original cataloging agency DPL
Language of cataloging HN
082 ## - DEWEY DECIMAL CLASSIFICATION NUMBER
Classification number 611
100 ## - MAIN ENTRY--PERSONAL NAME
9 (RLIN) 21360
Personal name ठाकुर, डी.के.
245 ## - TITLE STATEMENT
Title मानव शरीर कार्यिकी /
Statement of responsibility, etc डी.के.ठाकुर
260 ## - PUBLICATION, DISTRIBUTION, ETC. (IMPRINT)
Place of publication, distribution, etc जयपुर
Name of publisher, distributor, etc साक्षी प्रकाशन
Date of publication, distribution, etc 2007
270 ## - ADDRESS
Address 26, शिव वाटिका, मॉडल टाउन-सी, मालवीय नगर
City जयपुर
Postal code 302017
300 ## - PHYSICAL DESCRIPTION
Extent 156पृ.
Dimensions 22सेमी (सजिल्द)
650 ## - SUBJECT ADDED ENTRY--TOPICAL TERM
9 (RLIN) 697
700 ## - ADDED ENTRY--PERSONAL NAME
9 (RLIN) 21361
942 ## - ADDED ENTRY ELEMENTS (KOHA)
Source of classification or shelving scheme Dewey Decimal Classification
Item type Hindi Books
Classification part ठाकुर
Call number suffix 611
Holdings
Withdrawn status Lost status Source of classification or shelving scheme Damaged status Not for loan Collection code Home library Current library Date acquired Source of acquisition Cost, normal purchase price Total Checkouts Full call number Barcode Date last seen Copy number Cost, replacement price Koha item type
    Dewey Decimal Classification   Not For Loan Non-fiction D.B.Act.Division D.B.Act.Division 24/09/2010 DBAD / PUB 160.00   ठाकुर 611 HN-62945 24/09/2010 1 160.00 Hindi Books

© Delhi Public Library
Hit Counter
free hit counter